000 00464nam a2200193Ia 4500
005 20240823030047.0
008 240823s9999||||xx |||||||||||||| ||und||
020 _a81-239-0218-2
041 _aENGLISH
082 _A624.18341 Q0
100 _aKrishna Raju N
245 0 _aDesign of Concrete Mixes
250 _a4th
260 _c2010
_b"CBS Publishers & Distributors,New "
500 _aYES
650 _aConcrete
_bCivil
942 _cBK
999 _c187796
_d187796